00435 a2200121 4500001000900000005001700009008004100026245009900067100002900166700002500195773007600220999001700296ART_864920260410161834.0260409a 10aEl método simplificado del ajuste contable por inflación. Resolución C.P.C.E.C.F. 183/791 aSenderovich, Isaac Aizik1 aTelias, Alejandro J.0 tContabilidad y administracióng- Año 3, Nº 30 (dic. 1979)wREV5485 c23470d23470